000 00699nam a2200229 i 4500
001 145145
003 ES-MaACL
005 20231114062540.0
007 t|
008 070214s1983 sp |||| | spa d
080 _a821.111(73)-32"19"
100 1 _aSontag, Susan.
_9107309
245 1 0 _aYo, etcétera /
_cSusan Sontag ; traducción... por Eduardo Goligorsky.
250 _a1ª ed.
260 _a[Barcelona] :
_bSeix Barral,
_c[1983] (
_fRomanyáa / Valls)
300 _a278 p. ;
_c20 cm.
490 1 _aBiblioteca breve ;
_v624
700 1 _aGoligorsky, Eduardo.
_957708
830 0 _aBiblioteca breve (Seix Barral)
_v624
_9227188
852 _aES-MaACL
_jL-7893
999 _c145145
_d145145